00344pab a2200121 454500008004000000100002200040245007000062260000900132300001300141362001100154650002300165773003400188180718b2011 xxu||||| |||| 00| 0 eng d aDasgupta, Arindam aPublic expenditure management committee report: A critical review c2011 ap.15-19. a22 Oct aPublic expenditure aEconomic and Political Weekly